[Event "New York State-ch 134th"]
[Site "Colonie"]
[Date "2012.09.02"]
[Round "6"]
[White "Velikhanli, Firuza"]
[Black "Bennett, David Michael"]
[Result "1-0"]
[WhiteElo "2270"]
[BlackElo "2208"]
[PlyCount "147"]
[EventDate "2012.08.31"]
[EventType "swiss"]
[EventRounds "6"]
[EventCountry "USA"]
[SourceTitle "CBM 150 Extra"]
[Source "ChessBase"]
[SourceDate "2012.10.19"]
[SourceVersion "1"]
[SourceVersionDate "2012.10.19"]
[SourceQuality "1"]

1. e4 d5 2. exd5 Qxd5 3. Nc3 Qd6 4. d4 Nf6 5. h3 a6 6. Nf3 Nc6 7. Be3 Bf5 8. g4 Bg6 9. Bg2 0-0-0 10. a3 Ne4 11. Nh4 Nxc3 12. bxc3 e5 13. d5 Na5 14. Qe2 e4 15. Nxg6 Qxg6 16. c4 Qf6 17. 0-0 Qc3 18. Bd2 Qxc2 19. Rfc1 Qa4 20. Bxa5 Qxa5 21. Qxe4 Bc5 22. Rab1 Rd6 23. Rb3 Qd2 24. Rcb1 Qxf2+ 25. Kh1 b6 26. Rf3 Qh4 27. Rxf7 h5 28. Rxg7 Qg3 29. Rf1 hxg4 30. Qxg4+ Qxg4 31. Rxg4 Rdh6 32. a4 Re8 33. Rf7 Re1+ 34. Rf1 Re2 35. Rg8+ Kd7 36. Rf7+ Be7 37. Kg1 Rh4 38. Bf3 Re5 39. Bg4+ Kd6 40. Rg6+ Kc5 41. Rc6+ Kb4 42. Rxc7 Bc5+ 43. Kg2 Kxa4 44. Rc6 Rh8 45. d6 Rd8 46. d7 Rg5 47. Rc8 Rgg8 48. Rxd8 Rxd8 49. Rf1 b5 50. cxb5 Kxb5 51. h4 a5 52. h5 a4 53. Rd1 a3 54. Be6 Kc6 55. Rd2 Bf8 56. Kf3 Bg7 57. Kg4 Bh6 58. Rd3 Bf8 59. Kf5 Bb4 60. Rd4 Bc5 61. Rd2 Bb4 62. Rd4 Bc5 63. Ra4 Kb5 64. Rg4 a2 65. Bxa2 Rxd7 66. h6 Bd4 67. Be6 Rd8 68. h7 Rf8+ 69. Kg6 Bc3 70. Bf7 Rd8 71. Rg3 Rd6+ 72. Kh5 Bd4 73. Rd3 Rd8 74. Rxd4 1-0

[Event "Alajuela op 2nd"]
[Site "Alajuela"]
[Date "2006.07.15"]
[Round "8"]
[White "Alfaro Caracas, William"]
[Black "Bennett, David Michael"]
[Result "1/2-1/2"]
[WhiteElo "2161"]
[BlackElo "2222"]
[PlyCount "108"]
[EventDate "2006.07.12"]
[EventType "swiss"]
[EventRounds "9"]
[EventCountry "CRI"]
[SourceTitle "CBM 113 Extra"]
[Source "ChessBase"]
[SourceDate "2006.09.14"]
[SourceVersion "1"]
[SourceVersionDate "2006.09.14"]
[SourceQuality "1"]

1. d4 d5 2. Nf3 Nf6 3. c4 dxc4 4. Nc3 a6 5. a4 Nc6 6. e3 Na5 7. Ne5 Be6 8. g4 c6 9. Bg2 Nb3 10. Rb1 Nd5 11. Ne4 Qa5+ 12. Bd2 Nxd2 13. Qxd2 Qxd2+ 14. Kxd2 f6 15. Nxc4 Bxg4 16. Rhc1 0-0-0 17. b4 e5 18. b5 Bb4+ 19. Kc2 Be7 20. dxe5 Nb4+ 21. Rxb4 Bxb4 22. bxa6 bxa6 23. Ncd6+ Kc7 24. Nf7 fxe5 25. Nxh8 Rxh8 26. h3 Bd7 27. Kd3 Rd8 28. Ke2 Be8 29. Rc4 Be7 30. Nc5 Bh5+ 31. Bf3 Bxf3+ 32. Kxf3 Bxc5 33. Rxc5 Rd5 34. Rc4 Rd7 35. Rh4 g6 36. Rc4 Rf7+ 37. Ke4 Rxf2 38. Kxe5 Rf3 39. e4 Rxh3 40. Ke6 Rd3 41. e5 Re3 42. Kf6 Kd7 43. Rd4+ Ke8 44. Rd6 Re4 45. Rxc6 Rxa4 46. Ke6 Kd8 47. Rd6+ Kc7 48. Rd7+ Kc6 49. Rxh7 Rf4 50. Rg7 a5 51. Rxg6 a4 52. Ke7+ Kb5 53. Rf6 Re4 54. e6 a3 1/2-1/2

[Event "Chicago op 15th"]
[Site "Chicago"]
[Date "2006.05.26"]
[Round "2"]
[White "Karklins, Andrew"]
[Black "Bennett, David Michael"]
[Result "1-0"]
[WhiteElo "2223"]
[BlackElo "2093"]
[PlyCount "73"]
[EventDate "2006.05.25"]
[EventType "swiss"]
[EventRounds "6"]
[EventCountry "USA"]
[SourceTitle "CBM 112 Extra"]
[Source "ChessBase"]
[SourceDate "2006.07.14"]
[SourceVersion "1"]
[SourceVersionDate "2006.07.14"]
[SourceQuality "1"]

1. e4 c5 2. Nf3 d6 3. d4 cxd4 4. Nxd4 Nf6 5. Nc3 g6 6. f4 Nc6 7. Nxc6 bxc6 8. e5 Nd7 9. exd6 exd6 10. Be3 Be7 11. Be2 0-0 12. 0-0 d5 13. Na4 Qa5 14. c4 Nc5 15. Nc3 Ne4 16. Nxe4 dxe4 17. Qd4 f5 18. c5 Bf6 19. Qc4+ Kg7 20. Rad1 Rb8 21. Bd4 Rb4 22. Bxf6+ Rxf6 23. Qc3 Rb5 24. Bxb5 Qxc3 25. bxc3 cxb5 26. Rd6 Rxd6 27. cxd6 Kf6 28. Rd1 Ke6 29. Kf2 Bd7 30. Ke3 h5 31. a4 bxa4 32. c4 a3 33. Ra1 Kxd6 34. Rxa3 Kc5 35. Rxa7 Be6 36. Rg7 Bxc4 37. Rxg6 1-0

[Event "Chicago op 15th"]
[Site "Chicago"]
[Date "2006.05.25"]
[Round "1"]
[White "Izoria, Zviad"]
[Black "Bennett, David Michael"]
[Result "1-0"]
[WhiteElo "2647"]
[BlackElo "2093"]
[PlyCount "69"]
[EventDate "2006.05.25"]
[EventType "swiss"]
[EventRounds "6"]
[EventCountry "USA"]
[SourceTitle "CBM 112 Extra"]
[Source "ChessBase"]
[SourceDate "2006.07.14"]
[SourceVersion "1"]
[SourceVersionDate "2006.07.14"]
[SourceQuality "1"]

1. Nf3 d5 2. c4 d4 3. g3 Nc6 4. Bg2 e5 5. 0-0 Nf6 6. d3 a5 7. e3 Be7 8. exd4 exd4 9. Na3 Nd7 10. Nb5 Nc5 11. Re1 0-0 12. Bf4 Ne6 13. Rxe6 fxe6 14. Bxc7 Qd7 15. Ne5 Nxe5 16. Bxe5 Bf6 17. Qe2 Rd8 18. Re1 Qe7 19. Bc7 Re8 20. Bd6 Qd7 21. Nc7 Rd8 22. c5 Ra7 23. Nxe6 Re8 24. Bd5 Kh8 25. Qh5 g6 26. Qf3 Bg7 27. Re4 h6 28. Nxg7 Kxg7 29. Rxe8 Qxe8 30. Be5+ Kh7 31. Qf6 b6 32. cxb6 Re7 33. Bg8+ Kxg8 34. Qh8+ Kf7 35. Qg7+ 1-0

[Event "Sofia op 1st"]
[Site "Sofia"]
[Date "2006.05.15"]
[Round "7"]
[White "Bennett, David Michael"]
[Black "Yordanov, Nikolay"]
[Result "0-1"]
[WhiteElo "2093"]
[BlackElo "2235"]
[PlyCount "66"]
[EventDate "2006.05.11"]
[EventType "swiss"]
[EventRounds "9"]
[EventCountry "BUL"]
[SourceTitle "CBM 112 Extra"]
[Source "ChessBase"]
[SourceDate "2006.07.14"]
[SourceVersion "1"]
[SourceVersionDate "2006.07.14"]
[SourceQuality "1"]

1. d4 d5 2. Nf3 Nc6 3. Bf4 Bg4 4. Nbd2 e6 5. e3 Bd6 6. Bg3 Nge7 7. Be2 Bxg3 8. hxg3 Ng6 9. c4 dxc4 10. Nxc4 Qd5 11. Qb3 0-0 12. 0-0-0 a5 13. Ncd2 Qxb3 14. Nxb3 a4 15. Nc5 a3 16. b3 Nb4 17. Rd2 b6 18. Nd3 Nd5 19. Nfe1 Bxe2 20. Rxe2 c5 21. dxc5 bxc5 22. Nxc5 Rfc8 23. Ned3 Ne5 24. Rc2 Nxd3+ 25. Nxd3 Nc3 26. Kd2 Ne4+ 27. Kd1 Rxc2 28. Kxc2 Rc8+ 29. Kb1 Nc3+ 30. Ka1 Rd8 31. Nb4 Rd2 32. Rc1 g6 33. Nc2 Ne2 0-1

[Event "Novi Sad op-B"]
[Site "Novi Sad"]
[Date "2006.03.??"]
[Round "?"]
[White "Bennett, David Michael"]
[Black "Dragojlovic, Andjelko"]
[Result "1-0"]
[WhiteElo "2070"]
[BlackElo "2342"]
[PlyCount "59"]
[EventDate "2006.03.??"]
[EventType "swiss"]
[EventRounds "7"]
[EventCountry "YUG"]
[SourceTitle "CBM 111 Extra"]
[Source "ChessBase"]
[SourceDate "2006.05.09"]
[SourceVersion "1"]
[SourceVersionDate "2006.05.09"]
[SourceQuality "1"]

1. d4 Nf6 2. Nf3 g6 3. c4 Bg7 4. g3 0-0 5. Bg2 d5 6. cxd5 Nxd5 7. 0-0 c5 8. dxc5 Na6 9. c6 bxc6 10. Nbd2 Qc7 11. a3 Bb7 12. Qc2 c5 13. Nc4 e5 14. Bd2 Rac8 15. Rfd1 Qe7 16. e4 Nb6 17. Bg5 f6 18. Be3 Rfd8 19. Nxb6 axb6 20. Qb3+ Kh8 21. Qxb6 Rxd1+ 22. Rxd1 Bf8 23. Bh3 Rc6 24. Qd8 Rd6 25. Rxd6 Qxd6 26. Qxd6 Bxd6 27. Nd2 Kg7 28. f3 Kf7 29. Bf1 Ke7 30. Nb3 1-0

[Event "Novi Sad op-B"]
[Site "Novi Sad"]
[Date "2006.03.??"]
[Round "?"]
[White "Bennett, David Michael"]
[Black "Topalov, Aleksandar"]
[Result "0-1"]
[WhiteElo "2070"]
[BlackElo "2254"]
[PlyCount "54"]
[EventDate "2006.03.??"]
[EventType "swiss"]
[EventRounds "7"]
[EventCountry "YUG"]
[SourceTitle "CBM 111 Extra"]
[Source "ChessBase"]
[SourceDate "2006.05.09"]
[SourceVersion "1"]
[SourceVersionDate "2006.05.09"]
[SourceQuality "1"]

1. d4 Nf6 2. Nf3 g6 3. c4 c5 4. d5 d6 5. Nc3 Bg7 6. e4 0-0 7. Be2 e6 8. 0-0 Re8 9. Nd2 Na6 10. Re1 Nc7 11. Rb1 Rb8 12. a4 Bd7 13. f3 Nh5 14. Nb3 Qh4 15. Bf1 exd5 16. cxd5 Be5 17. g3 Nxg3 18. Qc2 Nh5 19. Be3 b5 20. a5 b4 21. Na2 Ba4 22. Re2 Nb5 23. Rg2 Nd4 24. Bxd4 Bxd4+ 25. Kh1 Be5 26. Bc4 Ng3+ 27. Kg1 Bxb3 0-1

[Event "Novi Sad op-B"]
[Site "Novi Sad"]
[Date "2006.03.??"]
[Round "?"]
[White "Pucovski, Miroslav"]
[Black "Bennett, David Michael"]
[Result "1-0"]
[WhiteElo "2300"]
[BlackElo "2070"]
[PlyCount "58"]
[EventDate "2006.03.??"]
[EventType "swiss"]
[EventRounds "7"]
[EventCountry "YUG"]
[SourceTitle "CBM 111 Extra"]
[Source "ChessBase"]
[SourceDate "2006.05.09"]
[SourceVersion "1"]
[SourceVersionDate "2006.05.09"]
[SourceQuality "1"]

1. e4 c5 2. c3 d5 3. exd5 Qxd5 4. d4 Nf6 5. Nf3 e6 6. Be3 cxd4 7. cxd4 Bb4+ 8. Nc3 0-0 9. Be2 Nc6 10. 0-0 Bxc3 11. bxc3 b6 12. c4 Qd6 13. Qd3 Bb7 14. Bg5 Rac8 15. Bxf6 gxf6 16. Qe4 Kh8 17. Qh4 Qe7 18. d5 exd5 19. cxd5 Ne5 20. Nxe5 Qxe5 21. Bd3 f5 22. Rfe1 Qg7 23. Bc4 Rc5 24. Rad1 Rfc8 25. Bb3 b5 26. g3 Qc3 27. Re7 R5c7 28. d6 Rxe7 29. Qxe7 Be4 1-0